000 01472nam a22002657a 4500
005 20170124103058.0
010 _aB-207818
020 _c75.00
_a8123745257
035 _aB-207818
037 _bCen Lib/Ret
040 _aDPL
_bHN
082 _a920
_bमहात्मा
245 _aमहात्मा और कवि :
_cसंपादक सव्यसाचि भट्टाचार्य ; अनुवादक तालेवर गिरि
_bगांधी और टैगोर के बीच 1915-1941 तक हुए पत्र-व्यव्हार और विचार-विमर्श /
246 _aMahatma aur kavi : Gandhi aur Tagore ke beech 1915-1941 tak hue patr-vyavhar aur vichar-vimarsh /
_bsampadak Savysachi Bhattacharya;anuvadak Talewar Giri
260 _aनई दिल्ली
_bनेशनल बुक ट्रस्ट
_c2005
270 _aए-5 ग्रीन पार्क
_bनई दिल्ली
_e110016
300 _a217पृ.
_c21सेमी(अजिल्द)
650 _aहिन्दी साहित्य
_975942
650 _aहिन्दी -- जीवनियाँ
_975943
650 _aHindi literature
_975944
650 _aHindi - Biographies
_975945
700 _aभट्टाचार्य, सव्यसाचि
_943628
700 _aगिरि, तालेवर
_975946
942 _2ddc
_cHN
_h920
_mमहात्मा
999 _c117636
_d117636